Statistics for Sidemen and friends

Click here to take the quiz!

General Stats

  • This quiz has been taken 675 times
  • The average score is 8 of 15

Answer Stats

Answer% Correct
Callux
86%
KSI
85%
hiMiniminter
83%
Calfreezy
81%
Zerkaa
77%
Behzinga
76%
Vikkstar123
76%
TBJZL
73%
W2S
69%
ChrisMD
37%
Anesongib
16%
Lewis Redman
4%
SpencerFC
4%
Shifty
3%
F2 Freestylers
2%

Score Distribution

Percentile by Number Answered

Percent of People with Each Score

Your Score History

You have not taken this quiz